| 000 -LEADER |
| fixed length control field |
01932cam a2200337 i 4500 |
| 001 - CONTROL NUMBER |
| control field |
17400026 |
| 003 - CONTROL NUMBER IDENTIFIER |
| control field |
OSt |
| 005 - DATE AND TIME OF LATEST TRANSACTION |
| control field |
20180116192425.0 |
| 008 - FIXED-LENGTH DATA ELEMENTS--GENERAL INFORMATION |
| fixed length control field |
120724s2010 sz a b 001 0 eng |
| 010 ## - LIBRARY OF CONGRESS CONTROL NUMBER |
| LC control number |
2012419605 |
| 020 ## - INTERNATIONAL STANDARD BOOK NUMBER |
| International Standard Book Number |
9783034606585 (English edition : hd.bd.) |
| 020 ## - INTERNATIONAL STANDARD BOOK NUMBER |
| International Standard Book Number |
3034606583 (English edition : hd.bd.) |
| 040 ## - CATALOGING SOURCE |
| Original cataloging agency |
DLC |
| Language of cataloging |
eng |
| Description conventions |
rda |
| Transcribing agency |
DLC |
| Modifying agency |
DLC |
| 041 1# - LANGUAGE CODE |
| Language code of text/sound track or separate title |
eng |
| Language code of original |
ger |
| 042 ## - AUTHENTICATION CODE |
| Authentication code |
pcc |
| 050 00 - LIBRARY OF CONGRESS CALL NUMBER |
| Classification number |
TH2409 |
| Item number |
.F5913 2010 |
| 082 ## - DEWEY DECIMAL CLASSIFICATION NUMBER |
| Classification number |
695 |
| 130 0# - MAIN ENTRY--UNIFORM TITLE |
| Uniform title |
Flachdach-Atlas. |
| Language of a work |
English |
| 9 (RLIN) |
8019 |
| 245 10 - TITLE STATEMENT |
| Title |
Flat roof construction manual : |
| Remainder of title |
materials, design, applications / |
| Statement of responsibility, etc. |
Sedlbauer, Schunck, Barthel, Künzel. |
| 250 ## - EDITION STATEMENT |
| Edition statement |
1st edition. |
| 260 ## - PUBLICATION, DISTRIBUTION, ETC. |
| Place of publication, distribution, etc. |
Basel : |
| Name of publisher, distributor, etc. |
Birkhäuser ; |
| Place of publication, distribution, etc. |
Munich : |
| Name of publisher, distributor, etc. |
Edition Detail, |
| Date of publication, distribution, etc. |
2010. |
| 300 ## - PHYSICAL DESCRIPTION |
| Extent |
208 pages : |
| Other physical details |
illustrations ; |
| Dimensions |
31 cm |
| 500 ## - GENERAL NOTE |
| General note |
Translation of: Flachdach-Atlas : Werkstoffe, Konstruktionen, Nutzungen. |
| 504 ## - BIBLIOGRAPHY, ETC. NOTE |
| Bibliography, etc. note |
Includes bibliographical references (p. 202-203) and indexes. |
| 505 0# - FORMATTED CONTENTS NOTE |
| Formatted contents note |
Introduction. The evolution of the flat roof / Christian Schittich -- Structure / Rainer Barthel. Loadbearing structure / Matthias Beckh, Mark Böttges, Eberhard Möller, Zoran Novacki -- Loadbearing decks / Matthias Beckh, Mark Böttges, Eberhard Möller -- Building physics / Klaus Sedlbauer. Thermal insulation / Christian Bludau, Hartwig M. Künzel -- Moisture control / Hartwig M. Künzel -- Fire / Ulrich Max -- Sound insulation / Philip Leistner, Lutz Weber -- Design principles / Klaus Sedlbauer. Materials / Wolfgang Zillig -- Flat roof construction / Christian Bludau, Eberhard Schunck -- Construction details / Eberhard Schunck -- Case studies. |
| 650 #0 - SUBJECT ADDED ENTRY--TOPICAL TERM |
| Topical term or geographic name entry element |
Flat roofs |
| General subdivision |
Design and construction. |
| 9 (RLIN) |
8020 |
| 700 12 - ADDED ENTRY--PERSONAL NAME |
| Personal name |
Schittich, Christian. |
| Title of a work |
Flache Dach, eine Entwicklungsgeschichte. |
| Language of a work |
English. |
| 9 (RLIN) |
8021 |
| 906 ## - LOCAL DATA ELEMENT F, LDF (RLIN) |
| a |
7 |
| b |
cbc |
| c |
origres |
| d |
2 |
| e |
ncip |
| f |
20 |
| g |
y-gencatlg |
| 942 ## - ADDED ENTRY ELEMENTS (KOHA) |
| Source of classification or shelving scheme |
|
| Koha item type |
Book |